[Event "Canary Islands-chT"]
[Site "Tenerife"]
[Date "2025.06.14"]
[Round "5.4"]
[White "Blanco Garcia Bajo, David"]
[Black "Perez Perez, Gabriel"]
[Result "0-1"]
[WhiteElo "2066"]
[BlackElo "2269"]
[PlyCount "108"]
[EventDate "2025.06.12"]
[EventType "team-swiss"]
[EventRounds "6"]
[EventCountry "ESP"]
[SourceTitle "CB25_2025"]
[SourceDate "2025.06.18"]
[SourceVersion "1"]
[SourceVersionDate "2025.06.18"]
[SourceQuality "1"]
[WhiteTeam "Caja de Canarias"]
[BlackTeam "Ebano Barrio Nuevo"]
[WhiteTeamCountry "ESP"]
[BlackTeamCountry "ESP"]

1. e4 e5 2. Nf3 Nc6 3. Bb5 a6 4. Ba4 Nf6 5. d3 b5 6. Bb3 Bb7 7. a4 Bc5 8. Nc3 b4 9. Nd5 h6 10. c3 d6 11. Nxf6+ Qxf6 12. Bd5 Rb8 13. g4 Qe7 14. Rg1 Nd8 15. Bxb7 Rxb7 16. h4 Ne6 17. Qe2 Qf6 18. g5 hxg5 19. hxg5 Qg6 20. Be3 bxc3 21. bxc3 Bxe3 22. fxe3 Nc5 23. Nd2 Rb2 24. Rb1 Rxb1+ 25. Nxb1 Nxa4 26. Qf3 Nc5 27. Ke2 Rh5 28. Qg4 Ne6 29. Rf1 Rxg5 30. Qf3 Rg3 31. Qf5 Rg2+ 32. Rf2 Rxf2+ 33. Qxf2 Qg4+ 34. Ke1 Nc5 35. Kd2 Qh3 36. Qg1 g6 37. Kc2 Qd7 38. Qf1 Qa4+ 39. Kc1 Qa2 40. Nd2 Na4 41. Qh3 Qb2+ 42. Kd1 Nxc3+ 43. Ke1 Qc1+ 44. Kf2 Qxd2+ 45. Kg1 Qe1+ 46. Kg2 Qe2+ 47. Kg1 Qxd3 48. Qc8+ Ke7 49. Qxc7+ Kf8 50. Qb6 Kg7 51. Qa7 Nd1 52. Qb7 Nxe3 53. Qb2 Qf1+ 54. Kh2 Qg2+ 0-1

[Event "Tenerife-chT Preferente"]
[Site "Tenerife"]
[Date "2025.01.18"]
[Round "5.4"]
[White "Perez Perez, Gabriel"]
[Black "Henriquez Garcia, David"]
[Result "1-0"]
[WhiteElo "2197"]
[BlackElo "1867"]
[PlyCount "65"]
[EventDate "2024.11.09"]
[EventType "team-tourn"]
[EventRounds "14"]
[EventCountry "ESP"]
[SourceTitle "CB14_2025"]
[SourceDate "2024.11.01"]
[SourceVersion "1"]
[SourceVersionDate "2024.11.01"]
[SourceQuality "1"]
[WhiteTeam "Ebano Barrio Nuevo"]
[BlackTeam "Rey Ahogado"]
[WhiteTeamCountry "ESP"]
[BlackTeamCountry "ESP"]

1. e4 e5 2. Bc4 Nf6 3. d3 Be7 4. Nc3 0-0 5. f4 d6 6. Nf3 Nc6 7. f5 Na5 8. Bg5 c6 9. Qe2 b5 10. Bb3 Nxb3 11. axb3 h6 12. Bh4 b4 13. Nd1 Bb7 14. Nf2 Re8 15. g4 d5 16. Bxf6 Bxf6 17. h4 c5 18. Qe3 Qb6 19. g5 Bd8 20. Qe2 h5 21. exd5 Bxd5 22. Ne4 g6 23. fxg6 fxg6 24. Nfd2 Rf8 25. Nc4 Bxc4 26. dxc4 Rf4 27. 0-0-0 Qc6 28. Rd5 a5 29. Nxc5 Bb6 30. Ne4 a4 31. Nf6+ Rxf6 32. gxf6 a3 33. f7+ 1-0

[Event "Barcelona Navidad IM1"]
[Site "Barcelona"]
[Date "2024.12.27"]
[Round "2"]
[White "Garcia Ramos, Daniel"]
[Black "Perez Perez, Gabriel"]
[Result "1/2-1/2"]
[WhiteElo "2445"]
[BlackElo "2201"]
[PlyCount "32"]
[EventDate "2024.12.26"]
[EventType "tourn"]
[EventRounds "9"]
[EventCountry "ESP"]
[SourceTitle "CB01_2025"]
[SourceDate "2025.01.01"]
[SourceVersion "1"]
[SourceVersionDate "2025.01.01"]
[SourceQuality "1"]

1. e4 e5 2. Nf3 Nc6 3. Bc4 Nf6 4. d3 Bc5 5. 0-0 d6 6. c3 a6 7. a4 Ba7 8. Nbd2 h6 9. Re1 Nh7 10. b4 Qf6 11. d4 g5 12. dxe5 dxe5 13. Kh1 h5 14. Nf1 g4 15. Ng1 Bxf2 16. Re2 Be6 1/2-1/2

[Event "Barcelona Navidad IM1"]
[Site "Barcelona"]
[Date "2024.12.26"]
[Round "1"]
[White "Perez Perez, Gabriel"]
[Black "Martin Gonzalez, Angel"]
[Result "1-0"]
[WhiteElo "2201"]
[BlackElo "2197"]
[PlyCount "59"]
[EventDate "2024.12.26"]
[EventType "tourn"]
[EventRounds "9"]
[EventCountry "ESP"]
[SourceTitle "CB01_2025"]
[SourceDate "2025.01.01"]
[SourceVersion "1"]
[SourceVersionDate "2025.01.01"]
[SourceQuality "1"]

1. e4 c5 2. Nf3 d6 3. d4 cxd4 4. Nxd4 Nf6 5. Nc3 g6 6. Be3 Bg7 7. f3 Nc6 8. Qd2 0-0 9. 0-0-0 d5 10. exd5 Nxd5 11. Nxc6 bxc6 12. Bd4 e5 13. Bc5 Be6 14. Ne4 Re8 15. Bc4 Qc7 16. Bd6 Qb6 17. Bc5 Qc7 18. Bb3 Red8 19. Qf2 Nf4 20. Bxe6 Nxe6 21. Ba3 f5 22. Rxd8+ Rxd8 23. Nc5 Qb6 24. Qh4 g5 25. Qc4 Rd5 26. Nxe6 Qf2 27. Nc7 Qd2+ 28. Kb1 Qxg2 29. Rc1 Qxf3 30. Qxc6 1-0

[Event "Tenerife-chT Preferente"]
[Site "Tenerife"]
[Date "2024.11.09"]
[Round "1.4"]
[White "Perez Perez, Gabriel"]
[Black "Sanchez Martin, Jacobo"]
[Result "1-0"]
[WhiteElo "2197"]
[BlackElo "1828"]
[PlyCount "55"]
[EventDate "2024.11.09"]
[EventType "team-tourn"]
[EventRounds "14"]
[EventCountry "ESP"]
[SourceTitle "CB14_2025"]
[SourceDate "2024.11.01"]
[SourceVersion "1"]
[SourceVersionDate "2024.11.01"]
[SourceQuality "1"]
[WhiteTeam "Ebano Barrio Nuevo"]
[BlackTeam "La Victoria 94"]
[WhiteTeamCountry "ESP"]
[BlackTeamCountry "ESP"]

1. c4 g6 2. h4 d6 3. d4 Nc6 4. d5 Ne5 5. Nc3 Nf6 6. e4 Bg7 7. Be2 h5 8. Bg5 Bg4 9. f4 Bxe2 10. Qxe2 Neg4 11. Nf3 c6 12. Bxf6 Bxf6 13. e5 dxe5 14. fxe5 Bg7 15. e6 Bxc3+ 16. bxc3 f6 17. dxc6 bxc6 18. Qe4 Qb6 19. Qxg6+ Kd8 20. 0-0-0+ Kc8 21. Qd3 Nf2 22. Qd7+ Kb8 23. Nd4 Rc8 24. Rd2 Nxh1 25. Rb2 Qxb2+ 26. Kxb2 Rc7 27. Nxc6+ Kb7 28. Na5+ 1-0

[Event "Titled Tuesday intern op 17th Sep Early"]
[Site "Chess,com INT"]
[Date "2024.09.17"]
[Round "10"]
[White "Bhagat, Kush"]
[Black "Perez Perez, Gabriel"]
[Result "0-1"]
[WhiteElo "2245"]
[BlackElo "2192"]
[PlyCount "60"]
[EventDate "2024.09.17"]
[EventType "swiss (blitz)"]
[EventRounds "11"]
[EventCountry "USA"]
[SourceTitle "EXT 2025"]
[Source "ChessBase"]
[SourceDate "2024.10.14"]
[SourceVersion "1"]
[SourceVersionDate "2024.10.14"]
[SourceQuality "1"]

1. d4 g6 2. Bf4 Bg7 3. e3 c5 4. c3 Qb6 5. Qb3 Nf6 6. Nf3 0-0 7. Nbd2 d5 8. h3 c4 9. Qc2 Bf5 10. Qc1 Nc6 11. Be2 Qd8 12. 0-0 b5 13. Nh4 Bd7 14. a4 b4 15. e4 Nxe4 16. Nxe4 dxe4 17. Bxc4 e5 18. Bg5 Bf6 19. Bxf6 Qxf6 20. Qh6 exd4 21. cxd4 Nxd4 22. Rfd1 Be6 23. Rac1 Rac8 24. Ba6 Rxc1 25. Rxc1 Bxh3 26. gxh3 Qxa6 27. Rd1 Qf6 28. a5 Ne2+ 29. Kf1 Nf4 30. Rd5 Nxd5 0-1

[Event "Titled Tuesday intern op 17th Sep Early"]
[Site "Chess,com INT"]
[Date "2024.09.17"]
[Round "2"]
[White "Cieslak, Wiktoria"]
[Black "Perez Perez, Gabriel"]
[Result "0-1"]
[WhiteElo "1897"]
[BlackElo "2192"]
[PlyCount "116"]
[EventDate "2024.09.17"]
[EventType "swiss (blitz)"]
[EventRounds "11"]
[EventCountry "USA"]
[SourceTitle "EXT 2025"]
[Source "ChessBase"]
[SourceDate "2024.10.14"]
[SourceVersion "1"]
[SourceVersionDate "2024.10.14"]
[SourceQuality "1"]

1. e4 c6 2. c4 d5 3. exd5 cxd5 4. cxd5 Nf6 5. Nc3 Nxd5 6. Bc4 e6 7. Nf3 Be7 8. 0-0 0-0 9. d4 Nc6 10. Re1 Nxc3 11. bxc3 Qc7 12. Bb3 b6 13. Qd3 Rd8 14. Bc2 g6 15. Bh6 Bb7 16. Rac1 Rac8 17. Bb1 Bf6 18. Qe3 Ne7 19. Ne5 Nf5 20. Bxf5 exf5 21. Bg5 Bxg5 22. Qxg5 Re8 23. h4 Qe7 24. Qg3 Qd6 25. h5 f6 26. hxg6 fxe5 27. gxh7+ Kxh7 28. Qh3+ Kg7 29. Qxf5 Rf8 30. Qg4+ Qg6 31. Qxg6+ Kxg6 32. Rxe5 Rfd8 33. Ree1 Bd5 34. a3 Rc4 35. f3 Rdc8 36. Re7 a5 37. Rd7 Rxd4 38. cxd4 Rxc1+ 39. Kf2 Rc2+ 40. Kg3 Bc4 41. Rd6+ Kf5 42. Rxb6 a4 43. Rb4 Bb3 44. Rb5+ Ke6 45. Kf4 Rxg2 46. Ke4 Ra2 47. Rb6+ Kd7 48. d5 Rxa3 49. Ke5 Ra1 50. Rb7+ Kc8 51. Ra7 Re1+ 52. Kd6 Rd1 53. Kc6 Bxd5+ 54. Kc5 Bb3 55. Kc6 Kd8 56. Ra8+ Ke7 57. f4 Bd5+ 58. Kc5 Bxa8 0-1

[Event "Titled Tuesday intern op 17th Sep Early"]
[Site "Chess,com INT"]
[Date "2024.09.17"]
[Round "5"]
[White "Finegold, Benjamin"]
[Black "Perez Perez, Gabriel"]
[Result "1-0"]
[WhiteElo "2400"]
[BlackElo "2192"]
[PlyCount "85"]
[EventDate "2024.09.17"]
[EventType "swiss (blitz)"]
[EventRounds "11"]
[EventCountry "USA"]
[SourceTitle "EXT 2025"]
[Source "ChessBase"]
[SourceDate "2024.10.14"]
[SourceVersion "1"]
[SourceVersionDate "2024.10.14"]
[SourceQuality "1"]

1. d4 Nf6 2. c4 g6 3. Nc3 d5 4. e3 Bg7 5. Qb3 dxc4 6. Bxc4 0-0 7. Nf3 c5 8. 0-0 cxd4 9. Nxd4 Na6 10. Rd1 Qa5 11. Bd2 Nc5 12. Qc2 Qb6 13. b4 Ne6 14. Nf3 Nc7 15. Nd4 Bg4 16. Be2 Bxe2 17. Ncxe2 Nb5 18. Rac1 Rfd8 19. a4 Nxd4 20. Nxd4 Ng4 21. Bc3 Qc7 22. g3 Ne5 23. Kg2 Rac8 24. Qe2 Nc6 25. Nb5 Qb8 26. Bxg7 Kxg7 27. Qb2+ Kg8 28. h4 a6 29. Nc3 Qe5 30. Qb3 Rxd1 31. Rxd1 Nxb4 32. Qxb4 Qxc3 33. Qxe7 Qc6+ 34. Kg1 Qxa4 35. Rd7 Qc4 36. Rxb7 Qe6 37. Qxe6 fxe6 38. Ra7 Rc6 39. Kg2 Rd6 40. Kf3 h6 41. Ke4 Rd2 42. f4 Rg2 43. Kf3 1-0

[Event "San Cristobal de La Laguna op-A 6th"]
[Site "San Cristobal de La Laguna"]
[Date "2024.08.30"]
[Round "8"]
[White "Ragnarsson, Dagur"]
[Black "Perez Perez, Gabriel"]
[Result "1-0"]
[WhiteElo "2332"]
[BlackElo "2170"]
[PlyCount "119"]
[EventDate "2024.08.24"]
[EventType "swiss"]
[EventRounds "9"]
[EventCountry "ESP"]
[SourceTitle "CBM 221 Extra"]
[Source "ChessBase"]
[SourceDate "2024.09.30"]
[SourceVersion "1"]
[SourceVersionDate "2024.09.30"]
[SourceQuality "1"]

1. Nf3 d5 2. g3 Nf6 3. Bg2 Bg4 4. h3 Bf5 5. c4 e6 6. 0-0 c6 7. Qb3 Qb6 8. cxd5 Qxb3 9. axb3 exd5 10. d3 Bd6 11. g4 Bc8 12. e4 dxe4 13. dxe4 Be7 14. Nc3 h5 15. g5 Nfd7 16. Be3 Na6 17. Nd4 g6 18. f4 Ndc5 19. e5 0-0 20. Ra5 Rd8 21. Nce2 Ne6 22. Rxa6 Nxd4 23. Nxd4 Rxd4 24. Bxd4 bxa6 25. Rc1 Be6 26. Rxc6 Rd8 27. Bc3 Bxb3 28. Be4 a5 29. Kf2 a4 30. h4 Be6 31. Bxg6 Bd7 32. Rc7 fxg6 33. e6 Bc5+ 34. Rxc5 Bxe6 35. Ra5 Rd7 36. Rxa4 Bb3 37. Ra6 Bc2 38. Be5 Bd3 39. Rf6 Bf5 40. Ra6 Kf7 41. Ke1 Ke8 42. Ra4 Bd3 43. Bd4 Bb5 44. Rb4 a6 45. f5 Rd5 46. fxg6 a5 47. Rb3 Kf8 48. Rf3+ Kg8 49. Bc3 Be8 50. g7 Bf7 51. Rf6 Kxg7 52. Rd6+ Kf8 53. Rxd5 Bxd5 54. Bxa5 Ke7 55. Kd2 Bf7 56. Ke3 Ke6 57. Kd4 Bg6 58. Be1 Be8 59. Bg3 Ba4 60. Ke4 1-0

[Event "San Cristobal de La Laguna op-A 6th"]
[Site "San Cristobal de La Laguna"]
[Date "2024.08.27"]
[Round "5"]
[White "Perez Perez, Gabriel"]
[Black "Garcia Padron, Jose"]
[Result "0-1"]
[WhiteElo "2170"]
[BlackElo "2378"]
[PlyCount "116"]
[EventDate "2024.08.24"]
[EventType "swiss"]
[EventRounds "9"]
[EventCountry "ESP"]
[SourceTitle "CBM 221 Extra"]
[Source "ChessBase"]
[SourceDate "2024.09.30"]
[SourceVersion "1"]
[SourceVersionDate "2024.09.30"]
[SourceQuality "1"]

1. e4 e5 2. Nf3 Nf6 3. Nc3 Bb4 4. Nxe5 0-0 5. Be2 Re8 6. Nd3 Bxc3 7. dxc3 Nxe4 8. Nf4 d6 9. 0-0 Nc6 10. Nd5 Ne7 11. c4 Ng6 12. Bg4 c6 13. Bxc8 Rxc8 14. Ne3 Re6 15. Nf5 Nh4 16. Qg4 Nxf5 17. Qxf5 Qb6 18. Be3 Qxb2 19. Rab1 Qxa2 20. Rxb7 Nf6 21. Bd4 Qxc4 22. Bxf6 gxf6 23. Rxf7 Kxf7 24. Qxh7+ Ke8 25. Qg8+ Kd7 26. Qf7+ Kd8 27. Qg8+ Kc7 28. Qf7+ Kb6 29. Rb1+ Kc5 30. Qxa7+ Kd5 31. Rd1+ Ke5 32. f4+ Ke4 33. Re1+ Kxf4 34. Qf2+ Kg5 35. Qg3+ Kh5 36. Qh3+ Kg6 37. Qxe6 Qxe6 38. Rxe6 d5 39. Kf2 Kf5 40. Re2 Rh8 41. Kf3 Ra8 42. h4 Ra3+ 43. Re3 Rxe3+ 44. Kxe3 Kg4 45. g3 c5 46. c3 f5 47. h5 Kxh5 48. Kf4 d4 49. cxd4 cxd4 50. Kxf5 d3 51. g4+ Kh4 52. g5 d2 53. Kf6 d1Q 54. g6 Qd6+ 55. Kf7 Qd7+ 56. Kf8 Qf5+ 57. Kg7 Kg5 58. Kh8 Kh6 0-1

[Event "San Cristobal de La Laguna op-A 6th"]
[Site "San Cristobal de La Laguna"]
[Date "2024.08.25"]
[Round "3"]
[White "Perez Perez, Gabriel"]
[Black "Ballesteros Avila, Antonio"]
[Result "1-0"]
[WhiteElo "2170"]
[BlackElo "1980"]
[PlyCount "101"]
[EventDate "2024.08.24"]
[EventType "swiss"]
[EventRounds "9"]
[EventCountry "ESP"]
[SourceTitle "CBM 221 Extra"]
[Source "ChessBase"]
[SourceDate "2024.09.30"]
[SourceVersion "1"]
[SourceVersionDate "2024.09.30"]
[SourceQuality "1"]

1. e4 c5 2. Nf3 d6 3. d4 cxd4 4. Qxd4 Nc6 5. Bb5 Bd7 6. Qd3 Nf6 7. Nc3 e6 8. Bg5 h6 9. Bh4 Be7 10. 0-0-0 Qc7 11. h3 0-0-0 12. Qe3 Kb8 13. Bg3 Ka8 14. e5 Nxe5 15. Nxe5 dxe5 16. Bxe5 Qc8 17. Qg3 Ne8 18. Bxd7 Rxd7 19. Qf3 Nf6 20. Rxd7 Qxd7 21. Rd1 Qc6 22. Qxc6 bxc6 23. Bxf6 Bxf6 24. Ne4 Be7 25. Rd7 Re8 26. Nd6 Bxd6 27. Rxd6 Re7 28. Rxc6 Kb7 29. Rd6 Kc7 30. Rd3 g6 31. Kd2 Kc6 32. c4 h5 33. Kc3 e5 34. b4 e4 35. b5+ Kc7 36. Rd2 f5 37. a4 f4 38. Re2 Kb6 39. Kb4 e3 40. fxe3 fxe3 41. a5+ Kc7 42. Kc5 h4 43. Kd4 Rd7+ 44. Kxe3 Rd1 45. Ra2 g5 46. c5 Kb7 47. a6+ Kb8 48. Ke4 Rb1 49. Kd5 Kc7 50. b6+ axb6 51. a7 1-0

[Event "San Cristobal de La Laguna op-A 6th"]
[Site "San Cristobal de La Laguna"]
[Date "2024.08.24"]
[Round "1"]
[White "Perez Perez, Gabriel"]
[Black "Alonso Perez, Alfredo"]
[Result "1-0"]
[WhiteElo "2170"]
[BlackElo "1904"]
[PlyCount "83"]
[EventDate "2024.08.24"]
[EventType "swiss"]
[EventRounds "9"]
[EventCountry "ESP"]
[SourceTitle "CBM 221 Extra"]
[Source "ChessBase"]
[SourceDate "2024.09.30"]
[SourceVersion "1"]
[SourceVersionDate "2024.09.30"]
[SourceQuality "1"]

1. d4 d5 2. c4 c6 3. Nf3 Nf6 4. Nc3 dxc4 5. a4 Bf5 6. Ne5 Nbd7 7. Nxc4 Nb6 8. Ne5 a5 9. f3 Nfd7 10. Nxd7 Nxd7 11. e4 Bg6 12. Qb3 Qb6 13. Qxb6 Nxb6 14. Be3 e6 15. h4 h5 16. d5 Nd7 17. dxe6 fxe6 18. Bc4 Bf7 19. 0-0-0 Be7 20. Kb1 0-0-0 21. Bg5 Bf6 22. f4 Rhe8 23. e5 Bg6+ 24. Bd3 Bxd3+ 25. Rxd3 Bxg5 26. hxg5 Nc5 27. Rdh3 Rf8 28. Ne2 Rh8 29. Rxh5 Rxh5 30. Rxh5 Rd2 31. Nc3 Rxg2 32. Rh8+ Kc7 33. Rh7 Nd3 34. Rxg7+ Kb6 35. f5 exf5 36. e6 Rxb2+ 37. Ka1 Rc2 38. e7 Rc1+ 39. Ka2 Re1 40. Kb3 Kc5 41. Rf7 Kd6 42. g6 1-0

[Event "ESP-chT CECLUB Div2"]
[Site "Linares"]
[Date "2024.08.15"]
[Round "6.4"]
[White "Perez Perez, Gabriel"]
[Black "Henriquez Villagra, Cristobal"]
[Result "0-1"]
[WhiteElo "2170"]
[BlackElo "2603"]
[PlyCount "82"]
[EventDate "2024.08.11"]
[EventType "team-swiss"]
[EventRounds "7"]
[EventCountry "ESP"]
[SourceTitle "CBM 221 Extra"]
[Source "ChessBase"]
[SourceDate "2024.09.30"]
[SourceVersion "1"]
[SourceVersionDate "2024.09.30"]
[SourceQuality "1"]
[WhiteTeam "Ebano Barrio Nuevo"]
[BlackTeam "Filantropos Equigoma"]
[WhiteTeamCountry "ESP"]
[BlackTeamCountry "ESP"]

1. e4 e6 2. d4 d5 3. Nc3 Be7 4. Be3 Nf6 5. Bd3 Nc6 6. e5 Nd7 7. f4 Nb6 8. a3 Nc4 9. Bxc4 dxc4 10. d5 exd5 11. Nxd5 Bf5 12. Nf3 Be4 13. Nxe7 Qxd1+ 14. Rxd1 Bxf3 15. gxf3 Nxe7 16. Ke2 Nf5 17. Rd5 b6 18. Rhd1 h5 19. b3 cxb3 20. cxb3 Rh6 21. Rc1 Rc8 22. Rdd1 Rg6 23. Rg1 Re6 24. Kf2 c6 25. b4 Rd8 26. Rc3 Rd5 27. a4 f6 28. exf6 Rxf6 29. Ra1 Re6 30. a5 bxa5 31. bxa5 a6 32. Ra2 h4 33. Bb6 h3 34. Re2 Rxe2+ 35. Kxe2 Kd7 36. Rc1 Rb5 37. Rd1+ Ke6 38. Rd2 c5 39. Kd3 Kd5 40. Ke2+ Nd4+ 41. Kf2 Rb3 0-1

[Event "ESP-chT CECLUB Div2"]
[Site "Linares"]
[Date "2024.08.14"]
[Round "5.14"]
[White "Kozlov, Gennady"]
[Black "Perez Perez, Gabriel"]
[Result "1/2-1/2"]
[WhiteElo "2415"]
[BlackElo "2170"]
[PlyCount "88"]
[EventDate "2024.08.11"]
[EventType "team-swiss"]
[EventRounds "7"]
[EventCountry "ESP"]
[SourceTitle "CBM 221 Extra"]
[Source "ChessBase"]
[SourceDate "2024.09.30"]
[SourceVersion "1"]
[SourceVersionDate "2024.09.30"]
[SourceQuality "1"]
[WhiteTeam "Platja D'Aro"]
[BlackTeam "Ebano Barrio Nuevo"]
[WhiteTeamCountry "ESP"]
[BlackTeamCountry "ESP"]

1. b3 e5 2. Bb2 Nc6 3. e3 Nf6 4. Bb5 Bd6 5. Na3 Na5 6. Be2 a6 7. c4 0-0 8. Nc2 e4 9. d4 exd3 10. Bxd3 Nc6 11. Nf3 Nb4 12. 0-0 Nxd3 13. Qxd3 Qe7 14. Ncd4 Qe4 15. Qxe4 Nxe4 16. Nf5 f6 17. Nxd6 Nxd6 18. Ba3 f5 19. Bxd6 cxd6 20. Rfd1 Rf6 21. Rd5 b5 22. Rad1 bxc4 23. bxc4 Rb8 24. Nd4 g6 25. Nb3 Rb6 26. f3 Kf7 27. h4 Ke7 28. Kf2 Rb4 29. R5d4 a5 30. c5 dxc5 31. Nxc5 Rc6 32. Rxb4 axb4 33. Nd3 Rc2+ 34. Kg3 Rxa2 35. Nxb4 Rb2 36. Nd5+ Kf7 37. h5 g5 38. Nc7 Ke7 39. Rd5 d6 40. Ra5 h6 41. Nb5 Bd7 42. Nd4 Kf6 43. Ra7 Be8 44. Ra6 Ke5 1/2-1/2

[Event "La Palma Island op"]
[Site "Santa Cruz de La Palma"]
[Date "2024.08.09"]
[Round "10"]
[White "Perez Perez, Gabriel"]
[Black "Segura Marsa, Andres"]
[Result "1-0"]
[WhiteElo "2170"]
[BlackElo "1980"]
[PlyCount "45"]
[EventDate "2024.08.02"]
[EventType "swiss"]
[EventRounds "10"]
[EventCountry "ESP"]
[SourceTitle "CBM 221 Extra"]
[Source "ChessBase"]
[SourceDate "2024.09.30"]
[SourceVersion "1"]
[SourceVersionDate "2024.09.30"]
[SourceQuality "1"]

1. e4 c5 2. Nf3 Nc6 3. Bb5 g6 4. Bxc6 dxc6 5. h3 Bg7 6. d3 Nf6 7. Nc3 Nd7 8. Be3 e5 9. Qd2 h6 10. Nh2 b6 11. 0-0 Nf8 12. f4 exf4 13. Bxf4 Ne6 14. Be3 Nd4 15. Rae1 Qh4 16. e5 Be6 17. Ne4 Bxe5 18. Ng4 Bxg4 19. Nf6+ Kd8 20. Nxg4 Bg3 21. Bxd4 cxd4 22. Rxf7 h5 23. Qe2 1-0

[Event "La Palma Island op"]
[Site "Santa Cruz de La Palma"]
[Date "2024.08.03"]
[Round "2"]
[White "Plat, Vojtech"]
[Black "Perez Perez, Gabriel"]
[Result "1/2-1/2"]
[WhiteElo "2477"]
[BlackElo "2170"]
[PlyCount "47"]
[EventDate "2024.08.02"]
[EventType "swiss"]
[EventRounds "10"]
[EventCountry "ESP"]
[SourceTitle "CBM 221 Extra"]
[Source "ChessBase"]
[SourceDate "2024.09.30"]
[SourceVersion "1"]
[SourceVersionDate "2024.09.30"]
[SourceQuality "1"]

1. e4 e5 2. Nf3 Nc6 3. Bb5 a6 4. Ba4 g6 5. 0-0 Bg7 6. c3 Nge7 7. d4 exd4 8. cxd4 b5 9. Bb3 Na5 10. Bc2 d6 11. Nc3 0-0 12. h3 c5 13. dxc5 dxc5 14. Qxd8 Rxd8 15. Bg5 Re8 16. Rad1 Be6 17. Nd5 Nxd5 18. exd5 Bd7 19. b3 Nb7 20. Rfe1 Rxe1+ 21. Rxe1 Re8 22. Rxe8+ Bxe8 23. Be3 f6 24. Ne1 1/2-1/2

[Event "Valencia Monteolivete op 4th"]
[Site "Valencia"]
[Date "2024.07.17"]
[Round "4"]
[White "Perez Perez, Gabriel"]
[Black "Gadea Guerreo, Javier"]
[Result "1-0"]
[WhiteElo "2124"]
[BlackElo "1857"]
[PlyCount "41"]
[EventDate "2024.07.15"]
[EventType "swiss"]
[EventRounds "9"]
[EventCountry "ESP"]
[SourceTitle "EXT 2025"]
[Source "ChessBase"]
[SourceDate "2024.10.14"]
[SourceVersion "1"]
[SourceVersionDate "2024.10.14"]
[SourceQuality "1"]

1. e4 c5 2. Nf3 d6 3. Nc3 Nf6 4. d4 cxd4 5. Qxd4 Nc6 6. Bb5 Bd7 7. Bxc6 Bxc6 8. Bg5 e6 9. 0-0-0 Be7 10. Rhe1 Qc7 11. Kb1 b6 12. Bxf6 gxf6 13. Nd5 Qd8 14. Nxe7 Kxe7 15. e5 fxe5 16. Nxe5 Qc7 17. Ng4 Rhg8 18. Qf6+ Kf8 19. Qh6+ Ke7 20. Rxe6+ fxe6 21. Qxh7+ 1-0

[Event "Barcelona Holy Week"]
[Site "Barcelona"]
[Date "2024.03.31"]
[Round "6"]
[White "Mompel Ferruz, Xavier"]
[Black "Perez Perez, Gabriel"]
[Result "1-0"]
[WhiteElo "2315"]
[BlackElo "2178"]
[PlyCount "77"]
[EventDate "2024.03.28"]
[EventType "tourn"]
[EventRounds "9"]
[EventCountry "ESP"]
[SourceTitle "CBM 219 Extra"]
[Source "ChessBase"]
[SourceDate "2024.05.31"]
[SourceVersion "1"]
[SourceVersionDate "2024.05.31"]
[SourceQuality "1"]

1. e4 e5 2. Nf3 Nc6 3. Bb5 a6 4. Ba4 Nf6 5. 0-0 Be7 6. d3 b5 7. Bb3 0-0 8. Re1 Bb7 9. c3 Re8 10. Nbd2 d6 11. Nf1 Na5 12. Bc2 c5 13. Ng3 Bf8 14. d4 g6 15. d5 Nc4 16. b3 Nb6 17. a4 Qc7 18. a5 Nbxd5 19. exd5 Nxd5 20. Bd2 f5 21. c4 Nb4 22. Bxb4 cxb4 23. Qd2 bxc4 24. bxc4 Qc5 25. Rab1 Qxa5 26. Qxb4 Qxb4 27. Rxb4 Bc6 28. Ba4 a5 29. Bxc6 axb4 30. Rb1 Reb8 31. Bd5+ Kh8 32. Bxa8 Rxa8 33. Rxb4 e4 34. Ng5 d5 35. Rb7 dxc4 36. Rc7 h6 37. Ne6 f4 38. Nxf4 Ra1+ 39. Nf1 1-0

[Event "ESP-ch 88th"]
[Site "Marbella"]
[Date "2023.10.17"]
[Round "5"]
[White "Perez Perez, Gabriel"]
[Black "Castillo Rodriguez, Angel Luis"]
[Result "0-1"]
[WhiteElo "2223"]
[BlackElo "2067"]
[PlyCount "84"]
[EventDate "2023.10.13"]
[EventType "swiss"]
[EventRounds "9"]
[EventCountry "ESP"]
[SourceTitle "CBM 216 Extra"]
[Source "ChessBase"]
[SourceDate "2023.11.30"]
[SourceVersion "1"]
[SourceVersionDate "2023.11.30"]
[SourceQuality "1"]

1. e4 e6 2. d4 d5 3. Nc3 Nf6 4. Bg5 Bb4 5. e5 h6 6. exf6 hxg5 7. fxg7 Rg8 8. Bd3 Qf6 9. Nf3 Nc6 10. Bb5 Bd7 11. 0-0 g4 12. Bxc6 gxf3 13. Bxd7+ Kxd7 14. Qxf3 Qxf3 15. gxf3 Bd6 16. Ne2 Rxg7+ 17. Ng3 Rh8 18. Kg2 f5 19. f4 Bxf4 20. Rh1 Bd6 21. Kf3 f4 22. Nf1 Rh3+ 23. Ke2 Rg4 24. Nd2 f3+ 25. Kd3 c5 26. c3 c4+ 27. Kc2 Rg2 28. Raf1 Bf4 29. Kd1 e5 30. dxe5 Ke6 31. Rhg1 Bxh2 32. Rh1 b5 33. a3 a5 34. Kc2 Kxe5 35. Re1+ Kd6 36. Re3 Rxf2 37. Kd1 Bf4 38. Rxh3 Bxe3 39. Nxf3 Rxb2 40. Nh4 Bc5 41. Nf5+ Ke6 42. Rh5 Rg2 0-1

[Event "Titled Tuesday intern op 12th Sep Early"]
[Site "Chess.com INT"]
[Date "2023.09.12"]
[Round "10"]
[White "Perez Perez, Gabriel"]
[Black "Petrosian, Karlen"]
[Result "0-1"]
[WhiteElo "2239"]
[BlackElo "2348"]
[PlyCount "154"]
[EventDate "2023.09.12"]
[EventType "swiss (blitz)"]
[EventRounds "11"]
[EventCountry "USA"]
[SourceTitle "EXT 2024"]
[Source "ChessBase"]
[SourceDate "2023.10.10"]
[SourceVersion "1"]
[SourceVersionDate "2023.10.10"]
[SourceQuality "1"]

1. e4 e6 2. d4 d5 3. Nc3 Nf6 4. Bg5 dxe4 5. Nxe4 Be7 6. Bxf6 gxf6 7. Nf3 f5 8. Nc3 a6 9. g3 b5 10. Bg2 Bb7 11. 0-0 b4 12. Na4 Nd7 13. Qe2 0-0 14. Ne5 Bxg2 15. Kxg2 Nxe5 16. dxe5 Qd5+ 17. Kg1 Rfd8 18. b3 Qb5 19. Qe3 Rd7 20. c4 bxc3 21. Qxc3 Rad8 22. Rac1 Ba3 23. Rc2 Bb4 24. Qc4 Kf8 25. Nc5 Bxc5 26. Qxc5+ Qxc5 27. Rxc5 Rd2 28. Ra5 R8d5 29. Rxa6 Rxe5 30. Rc6 Rxa2 31. Rxc7 Rb2 32. Rb7 Ree2 33. b4 Kg7 34. b5 Re5 35. b6 Reb5 36. Rc7 Rxb6 37. Rd1 Rb1 38. Rxb1 Rxb1+ 39. Kg2 Rb4 40. Ra7 h5 41. h4 f4 42. Ra5 Kg6 43. Rg5+ Kh6 44. Ra5 fxg3 45. Kxg3 Rg4+ 46. Kh3 Kg6 47. Rb5 Rg1 48. Rc5 f6 49. Kh2 Rg4 50. Kh3 e5 51. f3 Rg1 52. Kh2 Ra1 53. Kg3 Ra3 54. Kg2 Kf5 55. Rc8 Ra2+ 56. Kg3 Ra3 57. Kg2 Ra4 58. Kg3 Kg6 59. Rg8+ Kh6 60. Rh8+ Kg6 61. Rg8+ Kh7 62. Rf8 Kg7 63. Rb8 Ra3 64. Kg2 Rc3 65. Rd8 Kf7 66. Rh8 Kg6 67. Rg8+ Kf5 68. Rh8 Kf4 69. Rxh5 Rxf3 70. Rh6 Rg3+ 71. Kf2 f5 72. h5 Rh3 73. Rh8 e4 74. h6 Rh2+ 75. Kg1 Rh5 76. Kg2 Kg5 77. h7 Kg6 0-1